LEADER 01635nam 2200349 n 450 001 996394919003316 005 20221108102257.0 035 $a(CKB)3810000000010922 035 $a(EEBO)2240880213 035 $a(UnM)9958373800971 035 $a(EXLCZ)993810000000010922 100 $a19860111d1641 uy 101 0 $aeng 135 $aurbn||||a|bb| 200 10$aMount-Orgueil: or Divine and profitable meditations$b[electronic resource] $eraised from the contemplation of these three leaves of natures volume, 1. rockes, 2. seas, 3. gardens, digested into three distinct poems. To which is prefixed, a poeticall description, of Mount-Orgueil Castle in the Isle of Jersy. /$fBy VVilliam Prynne, late exile, and close prisoner in the sayd Castle. A poem of The soules complaint against the body; and Comfortable cordialls against the discomforts of imprisonment, &c. are hereto annexed 210 $aLondon $cPrinted by Tho. Cotes, for Michael Sparke Senior, dwelling at the blue Bible in Greene Arbor$d1641 215 $a[2+] p 300 $aA fragment; title page and dedication page ([par.] [3]) only. 300 $aReproduction of original in the British Library. 330 $aeebo-0018 606 $aChristian literature$vEarly works to 1800 608 $aTitle pages$zEngland$y17th cent. 615 0$aChristian literature 700 $aPrynne$b William$f1600-1669.$0198500 801 0$bCu-RivES 801 1$bCu-RivES 801 2$bCStRLIN 801 2$bCu-RivES 906 $aBOOK 912 $a996394919003316 996 $aMount-Orgueil: or Divine and profitable meditations$92307950 997 $aUNISA